Statistics for Highest Goalscorers in the Champions League for Paris Saint-Germain

Click here to take the quiz!

General Stats

  • This quiz has been taken 107 times
  • The average score is 9 of 17

Answer Stats

#GoalsGamesYearsAnswer% Correct
134522017-Kylian Mbappé
100%
230542013-2020Edinson Cavani
96%
322412017-Neymar Jr.
94%
420312012-2016Zlatan Ibrahimović
93%
69142021-Lionel Messi
84%
514542015-2022Ángel Di María
77%
79812013-Marquinhos
64%
135132020-2022Mauro Icardi
54%
97312012-2016Ezequiel Lavezzi
53%
174372011-2018Javier Pastore
51%
87101992-1995George Weah
33%
106452011-2017Blaise Matuidi
31%
164362012-2019Adrien Rabiot
18%
145232018-Juan Bernat
13%
12592000-2002Nicolas Anelka
12%
154111998-2003Laurent Leroy
5%
11581999-2001Christian
4%

Score Distribution

Percentile by Number Answered

Percent of People with Each Score

Your Score History

You have not taken this quiz